Éditorial (notice n° 2056204)
[ vue normale ]
| 000 -LEADER | |
|---|---|
| fixed length control field | 01391cam a2200181 4500500 |
| 005 - DATE AND TIME OF LATEST TRANSACTION | |
| control field | 20260405002259.0 |
| 041 ## - LANGUAGE CODE | |
| Language code of text/sound track or separate title | fre |
| 042 ## - AUTHENTICATION CODE | |
| Authentication code | dc |
| 100 10 - MAIN ENTRY--PERSONAL NAME | |
| Personal name | Authier, Jean-Yves |
| Relator term | author |
| 245 00 - TITLE STATEMENT | |
| Title | Éditorial |
| 260 ## - PUBLICATION, DISTRIBUTION, ETC. | |
| Date of publication, distribution, etc. | 2005.<br/> |
| 500 ## - GENERAL NOTE | |
| General note | 49 |
| 520 ## - SUMMARY, ETC. | |
| Summary, etc. | Une grossesse sur cinq se termine par un décès périnatal. Une étude qualitative auprès de 15 animatrices de groupe de deuil périnatal a permis d’identifier leurs perceptions concernant le deuil des hommes, leurs motivations à participer à des groupes de soutien et les spécificités associées à l’intervention auprès de ceux-ci. Des recommandations pour des pratiques inclusives des pères endeuillés, la formation et le mentorat sont proposées. |
| 520 ## - SUMMARY, ETC. | |
| Summary, etc. | One in five pregnancies ends in perinatal death. A qualitative study of fifteen bereavement group facilitators reaching parents after a perinatal death identified their perceptions of men’s bereavement, of their motivations to engage in perinatal bereavement groups, and the specifics of intervening with them. Recommendations for practices inclusive of bereaved fathers, training, and mentoring are proposed. |
| 700 10 - ADDED ENTRY--PERSONAL NAME | |
| Personal name | Bidou, Catherine |
| Relator term | author |
| 786 0# - DATA SOURCE ENTRY | |
| Note | Espaces et sociétés | 120-121 | 1 | 2005-06-01 | p. 7-14 | 0014-0481 |
| 856 41 - ELECTRONIC LOCATION AND ACCESS | |
| Uniform Resource Identifier | <a href="https://shs.cairn.info/revue-espaces-et-societes-2005-1-page-7?lang=fr&redirect-ssocas=7080">https://shs.cairn.info/revue-espaces-et-societes-2005-1-page-7?lang=fr&redirect-ssocas=7080</a> |
Pas d'exemplaire disponible.




Réseaux sociaux